[Event "Druzynowe Mistrzostwa Polski Juniorow - Ekstraliga Juniorow 2019"]
[Site "DW Globus Ustron Jaszowiec ul. Turystyczna 6"]
[Date "1899-12-30"]
[Round "5.12"]
[White "Pawicka, Magdalena"]
[Black "Zabrzanska, Weronika"]
[Result "0-1"]
[WhiteTitle "I"]
[BlackTitle "I++"]
[WhiteElo "1700"]
[BlackElo "1748"]

1. e4 e5 2. Nf3 Nc6 3. Nc3 Nf6 4. d4 exd4 5. Nxd4 Bb4 6. Nxc6 bxc6 7. Bd3 d5 8.
exd5 cxd5 9. O-O O-O 10. Bg5 c6 11. Qf3 Bd6 12. Bxf6 Qxf6 13. Qxf6 gxf6 14. Ne2
Rb8 15. b3 Be6 16. Ng3 c5 17. Rad1 a5 18. Nf5 Bc7 19. Ne3 Rfd8 20. Rfe1 Rb6 21.
Bf5 Bf4 22. Bd3 Bc7 23. g3 Rbd6 24. f4 Bb6 25. f5 Bc8 26. Kf1 c4 27. Bxc4 dxc4
28. Rxd6 Rxd6 29. Nxc4 Ba6 30. Re4 Rd4 31. Rxd4 Bxd4 32. Ke2 Bxc4+ 33. bxc4 Kf8
34. Kd3 Bg1 35. Ke4 Bxh2 36. g4 Ke7 37. Kd5 Kd7 38. Kc5 Bc7 39. Kb5 Bd8 40. c5
a4 41. Kxa4 Kc6 42. Kb4 Be7 43. Kc4 Bxc5 44. c3 Bb6 45. a4 Bc5 46. a5 Ba7 47.
Kb4 Kd5 48. Kb5 Bc5 49. c4+ Kd6 50. Ka6 Bb4 51. Kb6 Bxa5+ 52. Kxa5 Kc5 53. Ka6
Kxc4 54. Kb6 Kd4 55. Kc6 Ke4 56. Kd6 Kf4 57. g5 Kxf5 0-1

[Event "Druzynowe Mistrzostwa Polski Juniorow - Ekstraliga Juniorow 2019"]
[Site "DW Globus Ustron Jaszowiec ul. Turystyczna 6"]
[Date "1899-12-30"]
[Round "5.13"]
[White "Gazik, Viktor"]
[Black "Kosakowski, Jakub"]
[Result "1/2-1/2"]
[WhiteTitle "IM"]
[BlackTitle "FM"]
[WhiteElo "2520"]
[BlackElo "2390"]

1. d4 Nf6 2. Nf3 e6 3. Nbd2 c5 4. e3 Nc6 5. b3 cxd4 6. exd4 Bb4 7. Bb2 Ne4 8. Qc1
d5 9. a3 Bd6 10. Bd3 f5 11. c4 O-O 12. c5 Bc7 13. b4 a6 14. Ne5 Qg5 15. g3 Nxe5
16. dxe5 Bd7 17. Bd4 f4 18. Nxe4 dxe4 19. Bxe4 Bxe5 20. Qc3 Bxd4 21. Qxd4 Rad8
22. Qc3 Bc6 23. Bxc6 bxc6 24. O-O Qg4 25. Qc4 Rd5 26. Rfe1 h5 27. Re4 Rd1+ 28.
Rxd1 Qxd1+ 29. Qf1 Qd5 30. Rxf4 Rxf4 31. gxf4 Qf3 32. Qxa6 Qg4+ 1/2-1/2

[Event "Druzynowe Mistrzostwa Polski Juniorow - Ekstraliga Juniorow 2019"]
[Site "DW Globus Ustron Jaszowiec ul. Turystyczna 6"]
[Date "1899-12-30"]
[Round "5.14"]
[White "Pytel, Maciej"]
[Black "Godzwon, Iwo"]
[Result "1/2-1/2"]
[WhiteTitle "k"]
[BlackTitle "FM"]
[WhiteElo "1988"]
[BlackElo "2285"]

1. e4 c5 2. Nf3 e6 3. d4 cxd4 4. Nxd4 Nf6 5. Nc3 d6 6. Be2 Be7 7. O-O O-O 8. Be3
Nc6 9. f4 Qc7 10. Nb3 Rd8 11. Qe1 d5 12. e5 Ne4 13. Nb5 Qb8 14. c3 Bd7 15. N5d4
Nxd4 16. Nxd4 f6 17. Bg4 f5 18. Be2 Bc5 19. b4 Bb6 20. Rc1 Be8 21. Bd3 Bxd4 22.
Bxd4 b6 23. Qe3 Qb7 24. Bxe4 dxe4 25. Ra1 Bb5 26. Rfb1 Bd3 27. Rb2 b5 28. h3 Rdc8
29. Rc1 a5 30. a3 axb4 31. axb4 Ra3 32. g4 Qf7 33. Rg2 g6 34. gxf5 exf5 35. Kh2
Rca8 36. Rcg1 Ra2 37. Bc5 Qc4 38. Qd4 Qxd4 39. Bxd4 Be2 40. Rf2 Kf7 41. Rgg2 Bc4
42. Rxa2 Bxa2 43. h4 Bc4 44. h5 Ra2 45. hxg6+ hxg6 46. Rxa2 1/2-1/2

[Event "Druzynowe Mistrzostwa Polski Juniorow - Ekstraliga Juniorow 2019"]
[Site "DW Globus Ustron Jaszowiec ul. Turystyczna 6"]
[Date "1899-12-30"]
[Round "5.15"]
[White "Turski, Bartlomiej"]
[Black "Karolczuk, Iwo"]
[Result "1/2-1/2"]
[WhiteTitle "I"]
[BlackTitle "I++"]
[WhiteElo "1967"]
[BlackElo "2031"]

1. e4 c5 2. Nf3 e6 3. d4 cxd4 4. Nxd4 a6 5. Bd3 Nf6 6. O-O d6 7. c4 Be7 8. Nc3
O-O 9. Qe2 Nc6 10. Be3 Ne5 11. f3 Nxd3 12. Qxd3 Bd7 13. Kh1 Qc7 14. Rac1 Rfc8
15. b3 Rab8 16. f4 Qa5 17. a4 Be8 18. f5 Bd7 19. Bg5 Rf8 20. Rf3 Qd8 21. Rcf1
Re8 22. Rh3 e5 23. Bxf6 Bxf6 24. Nde2 Bc6 25. Nd5 Bxd5 26. Qxd5 Qb6 27. Rd1 Red8
28. Rf3 Rbc8 29. g3 Bg5 30. Qd3 Qb4 31. Qc3 Qc5 32. Qd3 Qb4 33. Qc3 Qc5 34. Kg2
b5 35. axb5 axb5 36. Rd5 Qc6 37. cxb5 Qb6 38. Qd3 Ra8 39. Rf1 Ra2 40. h4 Be3 41.
Rd1 Bc5 42. Kf3 1/2-1/2

[Event "Druzynowe Mistrzostwa Polski Juniorow - Ekstraliga Juniorow 2019"]
[Site "DW Globus Ustron Jaszowiec ul. Turystyczna 6"]
[Date "1899-12-30"]
[Round "5.16"]
[White "Budzisz, Adrian"]
[Black "Bogusz, Alan"]
[Result "0-1"]
[WhiteTitle "I"]
[BlackTitle "I"]
[WhiteElo "1796"]
[BlackElo "1730"]

1. e4 c5 2. Nf3 d6 3. Bb5+ Nd7 4. Ba4 a6 5. c4 g6 6. O-O Bg7 7. Nc3 Ngf6 8. d4
cxd4 9. Qxd4 O-O 10. Rd1 Qc7 11. Bxd7 Bxd7 12. Bf4 Bc6 13. e5 dxe5 14. Bxe5 Qc8
15. Ng5 Rd8 16. Qh4 h5 17. Qf4 Qg4 18. Qxg4 Nxg4 19. Bxg7 Kxg7 20. Nge4 Ne5 21.
b3 Nd3 22. Rd2 Rd7 23. Rad1 Rad8 24. Kf1 Kf8 25. h4 Ke8 26. f3 b5 27. cxb5 axb5
28. g3 b4 29. Na4 Bb5 30. Kg1 f5 31. Ng5 Rd6 32. Kh2 Kf8 33. Re2 e5 34. Rc2 Ke7
35. Rc7+ R8d7 36. Rc8 Rd8 37. Rxd8 Rxd8 38. Nb6 Ba6 39. Kg1 Rd6 40. Nc4 Bxc4 41.
bxc4 Rd4 42. Kf1 Nb2 43. Rxd4 exd4 44. Ke2 d3+ 45. Kd2 Kd6 46. Nf7+ Kc5 47. Nh8
Kd4 48. c5 Nc4+ 49. Kd1 Ke3 50. c6 Nb2+ 51. Kc1 d2+ 52. Kxb2 d1=Q 53. Nxg6 Qd3
54. Nf4 Qc3+ 0-1

[Event "Druzynowe Mistrzostwa Polski Juniorow - Ekstraliga Juniorow 2019"]
[Site "DW Globus Ustron Jaszowiec ul. Turystyczna 6"]
[Date "1899-12-30"]
[Round "5.17"]
[White "Jarocka, Liwia"]
[Black "Koruch, Maria"]
[Result "1/2-1/2"]
[WhiteTitle "FM"]
[BlackTitle "I+"]
[WhiteElo "2102"]
[BlackElo "1677"]

1. e4 c5 2. Nf3 Nc6 3. Nc3 e5 4. Bc4 Be7 5. d3 Nf6 6. Bg5 O-O 7. Bxf6 Bxf6 8. a4
d6 9. h3 Be6 10. O-O Nb4 11. Re1 Re8 12. Nd2 d5 13. exd5 Nxd5 14. Nxd5 Bxd5 15.
Ne4 Bxe4 16. dxe4 Qxd1 17. Raxd1 Rad8 18. Bd5 b6 19. Kf1 g6 20. Ke2 Kg7 21. Kd3
Re6 22. Kc4 Red6 23. Kb5 R8d7 24. c3 Bd8 25. Rd3 a5 26. Red1 Kf8 27. Bc4 Ke7 28.
Rxd6 Rxd6 29. Rxd6 Kxd6 30. Bxf7 Kc7 31. Bg8 h6 32. Bh7 g5 33. Kc4 Kd6 34. Bf5
Bf6 35. Bg4 Bd8 36. Be2 Bf6 37. Kd3 Be7 38. Ke3 Bf8 39. Bh5 Bg7 40. Bf7 Ke7 41.
Bh5 Ke6 42. Kf3 Kf6 43. Kg4 Bf8 44. Be8 Be7 45. Kh5 Bf8 46. g3 Bg7 47. Bd7 Bf8
48. Bf5 Bg7 49. Kg4 Bf8 50. h4 Bd6 51. Bd7 Kg6 52. Bb5 Kf6 53. Kh5 Bf8 54. Be2
Bg7 55. Kg4 Bf8 56. Kh3 Bd6 57. Bg4 Kg6 58. Bc8 Kf6 59. Kg4 Kg6 60. hxg5 hxg5
61. Kf3 Kf6 62. Ke3 Ke7 63. Kd3 Bc7 64. Bg4 Kd6 65. Bf5 Bd8 66. Kc4 Bc7 67. Kb5
Bd8 68. Bg4 Bc7 69. Ka6 Kc6 70. Ka7 Bd6 71. Be2 Kc7 72. Bb5 Be7 73. Be8 Bd8 74.
Ka6 Be7 75. Kb5 Bd8 76. Kc4 Kd6 77. Kd3 Ke6 78. Bh5 Bc7 79. Be2 Kd6 80. Ke3 Ke6
81. Bc4+ Kf6 82. Bd5 Ke7 83. Kf3 Kf6 84. Bc6 Ke7 85. Kg4 Kf6 86. Kh5 Bd6 87. Kh6
Bf8+ 88. Kh5 Bd6 89. c4 Be7 90. Bd5 Bd6 91. Kg4 Bc7 92. Bb7 Bd6 93. Kh5 Be7 94.
Kh6 Bf8+ 95. Kh7 Be7 96. Bc8 Bd6 97. Kg8 Kg6 98. Bf5+ Kf6 1/2-1/2

[Event "Druzynowe Mistrzostwa Polski Juniorow - Ekstraliga Juniorow 2019"]
[Site "DW Globus Ustron Jaszowiec ul. Turystyczna 6"]
[Date "1899-12-30"]
[Round "5.18"]
[White "Szczotka, Klara"]
[Black "Hertlein, Irena"]
[Result "0-1"]
[WhiteTitle "I++"]
[BlackTitle "I++"]
[WhiteElo "1786"]
[BlackElo "1612"]

1. e4 d5 2. exd5 Qxd5 3. Nc3 Qd6 4. d4 Nf6 5. Nf3 c6 6. h3 Bf5 7. Ne5 Nbd7 8. Nc4
Qc7 9. Qf3 Be6 10. Bf4 Qd8 11. O-O-O g6 12. Qe3 Nb6 13. Nxb6 axb6 14. b3 Bg7 15.
Kb2 b5 16. Be5 O-O 17. b4 Nd5 18. Nxd5 Qxd5 19. Qb3 Rxa2+ 20. Kxa2 Qe4 21. c4
Bxe5 22. dxe5 Ra8+ 23. Kb2 Qxe5+ 24. Kc2 bxc4 25. Qb2 Bf5+ 26. Kc1 Ra1+ 27. Qxa1
Qxa1+ 28. Kd2 Qb2+ 29. Ke3 Qe5+ 30. Kd2 c3+ 0-1

[Event "Druzynowe Mistrzostwa Polski Juniorow - Ekstraliga Juniorow 2019"]
[Site "DW Globus Ustron Jaszowiec ul. Turystyczna 6"]
[Date "1899-12-30"]
[Round "5.19"]
[White "Czechowski, Jakub"]
[Black "Polczyk, Mikolaj"]
[Result "0-1"]
[WhiteTitle "I+"]
[BlackTitle "k"]
[WhiteElo "1922"]
[BlackElo "2182"]

1. d4 Nf6 2. c4 e6 3. Nc3 Bb4 4. e3 O-O 5. Nge2 c6 6. a3 Ba5 7. Ng3 d5 8. Bd3 dxc4
9. Bxc4 c5 10. O-O cxd4 11. exd4 Nc6 12. Nge2 Bb6 13. d5 Ne5 14. Ba2 Nxd5 15.
Nxd5 exd5 16. Qxd5 Qf6 17. Bf4 Ng6 18. Qg5 Qxb2 19. Ng3 Bd8 20. Qd5 Nxf4 21. Qd6
Qf6 0-1

[Event "Druzynowe Mistrzostwa Polski Juniorow - Ekstraliga Juniorow 2019"]
[Site "DW Globus Ustron Jaszowiec ul. Turystyczna 6"]
[Date "1899-12-30"]
[Round "5.20"]
[White "Panek, Bartosz"]
[Black "Koziorowicz, Michal"]
[Result "0-1"]
[WhiteTitle "I"]
[BlackTitle "I++"]
[WhiteElo "2033"]
[BlackElo "1985"]

1. d4 g6 2. c4 Bg7 3. Nc3 c5 4. d5 d6 5. e4 Nf6 6. Bg5 Qa5 7. f3 O-O 8. Qd2 Re8
9. Bd3 Na6 10. Nge2 Bd7 11. Bh6 Bh8 12. h4 Nb4 13. O-O Nxd3 14. Qxd3 a6 15. a4
Reb8 16. Nf4 Qd8 17. h5 Ne8 18. g4 b5 19. hxg6 hxg6 20. e5 bxc4 21. Qc2 dxe5 22.
Ne6 fxe6 23. dxe6 Bxe6 24. f4 Qd3 25. Qh2 Nf6 26. fxe5 Nxg4 27. Qh4 Qd4+ 28. Kh1
Rxb2 0-1

[Event "Druzynowe Mistrzostwa Polski Juniorow - Ekstraliga Juniorow 2019"]
[Site "DW Globus Ustron Jaszowiec ul. Turystyczna 6"]
[Date "1899-12-30"]
[Round "5.21"]
[White "Dzida, Kamil"]
[Black "Jeda, Maciej"]
[Result "1-0"]
[WhiteTitle "I++"]
[BlackTitle "I"]
[WhiteElo "1987"]
[BlackElo "1798"]

1. e4 e6 2. d4 d5 3. Nc3 Nf6 4. e5 Nfd7 5. f4 c5 6. Nf3 Nc6 7. Be3 cxd4 8. Nxd4
Bc5 9. Qd2 O-O 10. O-O-O a6 11. Qf2 Nxd4 12. Bxd4 Qc7 13. Bd3 Bxd4 14. Qxd4 b5
15. Rhe1 Qa5 16. f5 b4 17. f6 bxc3 18. Bxh7+ Kxh7 19. Qh4+ Kg6 20. Qg4+ Kh6 21.
Qxg7+ Kh5 22. g4+ Kh4 23. Qh6+ Kxg4 24. Rd4+ 1-0

[Event "Druzynowe Mistrzostwa Polski Juniorow - Ekstraliga Juniorow 2019"]
[Site "DW Globus Ustron Jaszowiec ul. Turystyczna 6"]
[Date "1899-12-30"]
[Round "5.22"]
[White "Piechota, Kamil"]
[Black "Wysocki, Mateusz"]
[Result "0-1"]
[WhiteTitle "I"]
[BlackTitle "I"]
[WhiteElo "1641"]
[BlackElo "1634"]

1. e4 c5 2. c3 Nf6 3. e5 Nd5 4. d4 cxd4 5. cxd4 d6 6. Nf3 Nc6 7. Bc4 Nb6 8. Bb5
dxe5 9. Nxe5 Bd7 10. Nxd7 Qxd7 11. Nc3 e6 12. O-O Rd8 13. Be3 Be7 14. Bxc6 bxc6
15. Qg4 O-O 16. Bh6 Qxd4 17. Qxd4 Rxd4 18. Be3 Rd7 19. Bxb6 axb6 20. Rad1 Rfd8
21. Rxd7 Rxd7 22. Rd1 Rxd1+ 23. Nxd1 Bf6 24. b3 Kf8 25. Kf1 Ke7 26. Ke2 Bd4 27.
Kd3 e5 28. f3 f5 29. h3 Kd6 30. a3 Kd5 31. a4 e4+ 32. fxe4+ fxe4+ 33. Kd2 c5 34.
g3 g5 35. g4 Ke5 36. Ne3 Bxe3+ 37. Kxe3 h6 38. Kd2 Kd4 39. Ke2 e3 40. Ke1 Kc3
41. Ke2 Kxb3 0-1

[Event "Druzynowe Mistrzostwa Polski Juniorow - Ekstraliga Juniorow 2019"]
[Site "DW Globus Ustron Jaszowiec ul. Turystyczna 6"]
[Date "1899-12-30"]
[Round "5.23"]
[White "Raczykowska, Paulina"]
[Black "Bilczewska, Olga"]
[Result "1-0"]
[WhiteTitle "k"]
[BlackTitle "I++"]
[WhiteElo "1893"]
[BlackElo "1691"]

1. e4 e5 2. Nf3 Nc6 3. Bb5 a6 4. Ba4 Nge7 5. c3 g6 6. d4 exd4 7. cxd4 b5 8. Bb3
Bg7 9. O-O O-O 10. Bg5 Na5 11. Bc2 d6 12. Nbd2 c5 13. Nb3 Nxb3 14. Bxb3 c4 15.
Bc2 Qc7 16. Qd2 Re8 17. h3 Bb7 18. Bh6 Bh8 19. Nh2 Qb6 20. Be3 Qc7 21. Rae1 Nc6
22. f4 Qa5 23. Qf2 Rf8 24. f5 Bg7 25. Ng4 gxf5 26. Qxf5 Ne7 27. Nf6+ Bxf6 28.
Qxf6 1-0

[Event "Druzynowe Mistrzostwa Polski Juniorow - Ekstraliga Juniorow 2019"]
[Site "DW Globus Ustron Jaszowiec ul. Turystyczna 6"]
[Date "1899-12-30"]
[Round "5.24"]
[White "Bugaj, Hanna"]
[Black "Siekanska, Maria"]
[Result "1/2-1/2"]
[WhiteTitle "I"]
[BlackTitle "I++"]
[WhiteElo "1566"]
[BlackElo "1559"]

1. d4 d5 2. c4 e6 3. Nc3 c5 4. e3 Nc6 5. Nf3 Nf6 6. Be2 dxc4 7. Bxc4 cxd4 8. exd4
Be7 9. O-O O-O 10. Bf4 Nb4 11. Qb3 b6 12. a3 Nc6 13. Qd1 Bb7 14. Ba2 Qd7 15. d5
exd5 16. Nxd5 Nxd5 17. Qxd5 Qxd5 18. Bxd5 Bf6 19. Rac1 Rac8 20. Rc2 Ne7 21. Rxc8
Bxc8 22. Bb3 Ng6 23. Bc1 h6 24. Re1 Bb7 25. Nd2 Nf4 26. Ne4 Bxe4 27. Bxf4 Bb7
28. Re2 g5 29. Be3 Rd8 30. h3 Ba6 31. Rd2 Rxd2 32. Bxd2 Bxb2 33. Bb4 Kg7 34. g4
Bb7 35. Bc2 Bf3 36. Bf5 Kf6 37. Bd6 h5 38. Kf1 h4 39. Bd7 Be5 40. Bf8 Bc7 41.
Be8 Bd5 42. Bb5 Ke6 43. a4 f5 44. gxf5+ Kxf5 45. Bd7+ Be6 46. Bxe6+ Kxe6 47. Ke2
Bd6 48. Bg7 a6 49. Kf3 b5 50. axb5 axb5 51. Ke4 Bf4 52. Bf8 Bd2 53. f3 b4 54.
Kd3 Be1 55. Ke4 Bc3 56. Kd3 Kd5 57. Be7 Be1 58. Bxg5 Ke6 59. Bc1 Kf5 60. Ke2 1/2-1/2

[Event "Druzynowe Mistrzostwa Polski Juniorow - Ekstraliga Juniorow 2019"]
[Site "DW Globus Ustron Jaszowiec ul. Turystyczna 6"]
[Date "1899-12-30"]
[Round "5.25"]
[White "Kozak, Antoni"]
[Black "Nowak, Mikolaj"]
[Result "0-1"]
[WhiteTitle "k++"]
[BlackTitle "I++"]
[WhiteElo "2365"]
[BlackElo "2230"]

1. Nf3 g6 2. e4 Bg7 3. d4 d6 4. Nc3 Nf6 5. Bc4 O-O 6. h3 Nc6 7. O-O e5 8. dxe5
Nxe5 9. Nxe5 dxe5 10. Qxd8 Rxd8 11. Bg5 Rd4 12. Rad1 h6 13. Rxd4 exd4 14. Bxf6
Bxf6 15. Nb5 Be6 16. Bxe6 fxe6 17. f4 a6 18. Nxc7 Rc8 19. Nxe6 Kf7 20. f5 Rxc2
21. Rd1 gxf5 22. exf5 Rxb2 23. Nxd4 Rxa2 24. Ne6 Ra1 25. Rxa1 Bxa1 26. Nd8+ Kf6
27. Nxb7 Kxf5 28. Kf1 Kf4 29. Nc5 a5 30. Nb3 Bc3 31. Nxa5 Bxa5 32. g3+ Kf3 33.
Kg1 Bb6+ 34. Kh1 Kf2 35. Kh2 Bc5 36. Kh1 Kf1 37. Kh2 Kf2 38. Kh1 Bb6 39. Kh2 Kf1
40. Kh1 Bg1 41. h4 h5 0-1

[Event "Druzynowe Mistrzostwa Polski Juniorow - Ekstraliga Juniorow 2019"]
[Site "DW Globus Ustron Jaszowiec ul. Turystyczna 6"]
[Date "1899-12-30"]
[Round "5.26"]
[White "Posluszny, Tomasz"]
[Black "Mis, Mieszko"]
[Result "0-1"]
[WhiteTitle "I+"]
[BlackTitle "FM"]
[WhiteElo "1888"]
[BlackElo "2284"]

1. d4 Nf6 2. c4 e6 3. Nc3 d5 4. cxd5 Nxd5 5. e4 Nxc3 6. bxc3 c5 7. Nf3 cxd4 8.
cxd4 Bb4+ 9. Bd2 Bxd2+ 10. Qxd2 O-O 11. Bc4 b6 12. O-O Bb7 13. d5 exd5 14. exd5
Nd7 15. Rad1 Rc8 16. Qd4 Nf6 17. d6 Bxf3 18. gxf3 Qd7 19. Rfe1 Rc5 20. Re5 Rxe5
21. Qxe5 Qc6 22. Bb3 Qxf3 23. d7 Nxd7 24. Qe7 Nc5 25. Rd8 Ne6 26. Bxe6 fxe6 27.
Qxe6+ Kh8 28. Rxf8+ Qxf8 29. Qd7 Qb8 30. h4 h6 31. Qf7 a5 32. a4 b5 33. axb5 Qxb5
34. h5 Qe5 35. Kg2 Qe4+ 36. f3 Qc2+ 37. Kg3 a4 38. Kh3 Kh7 39. Qf8 Qd3 40. Kg4
a3 41. Qf7 Qc2 42. f4 a2 43. f5 Qe4+ 0-1

[Event "Druzynowe Mistrzostwa Polski Juniorow - Ekstraliga Juniorow 2019"]
[Site "DW Globus Ustron Jaszowiec ul. Turystyczna 6"]
[Date "1899-12-30"]
[Round "5.27"]
[White "Chyzy, Jakub"]
[Black "Seemann, Jakub"]
[Result "0-1"]
[WhiteTitle "k"]
[BlackTitle "I+"]
[WhiteElo "2093"]
[BlackElo "2017"]

1. e4 c5 2. Nf3 d6 3. d4 cxd4 4. Nxd4 Nf6 5. Nc3 a6 6. Bg5 e6 7. Qd3 Nbd7 8. O-O-O
b5 9. f4 b4 10. Nd5 Bb7 11. Nxb4 Nc5 12. Qe3 Ncxe4 13. Bxf6 Nxf6 14. f5 e5 15.
Nf3 Qc7 16. Qa3 Be7 17. Qa4+ Qd7 18. Qxd7+ Nxd7 19. Nd5 Rc8 20. b3 Rc5 21. Bc4
Nf6 22. Nxe7 Kxe7 23. Rhe1 Rhc8 24. Ng5 Bxg2 25. Bxa6 Rxc2+ 26. Kb1 R8c7 27. Bc4
Rf2 28. Nxf7 Ne4 29. Kc1 Rxc4+ 30. bxc4 Kxf7 31. a3 Ke7 32. Re3 Nc5 33. Rd2 Rf1+
34. Rd1 Rxd1+ 35. Kxd1 Kf6 36. Ke1 Be4 37. a4 Kxf5 38. a5 Bb7 39. Re2 Ba6 40.
Rf2+ Ke6 41. Rc2 Ne4 42. Rb2 g5 43. Rb8 Nc5 44. Re8+ Kd7 45. Rh8 Bxc4 46. Rxh7+
Kc6 47. Rg7 Ne4 48. Ra7 d5 49. a6 d4 50. Rb7 d3 51. Rb4 d2+ 52. Kd1 Kc5 53. Rxc4+
Kxc4 54. Kc2 Nc3 55. Kxd2 Nb5 56. Ke3 Kd5 0-1

[Event "Druzynowe Mistrzostwa Polski Juniorow - Ekstraliga Juniorow 2019"]
[Site "DW Globus Ustron Jaszowiec ul. Turystyczna 6"]
[Date "1899-12-30"]
[Round "5.28"]
[White "Oleksy, Krzysztof"]
[Black "Czernek, Tymon"]
[Result "1-0"]
[WhiteTitle "I"]
[BlackTitle "I++"]
[WhiteElo "1878"]
[BlackElo "2003"]

1. e4 c5 2. Nf3 d6 3. d4 cxd4 4. Nxd4 Nf6 5. Nc3 a6 6. Be2 e5 7. Nb3 Be6 8. O-O
Be7 9. a4 O-O 10. Bf3 Nbd7 11. Re1 Qc7 12. a5 Rfd8 13. Be3 Nc5 14. Nc1 Rac8 15.
Nd5 Bxd5 16. exd5 Rf8 17. c4 Ne8 18. b4 Nd7 19. Be2 f5 20. f3 Bh4 21. Rf1 f4 22.
Bd2 g6 23. Nb3 Ng7 24. Rc1 Qb8 25. Bd3 Nf5 26. Bxf5 Rxf5 27. Be1 Bxe1 28. Qxe1
b6 29. Kh1 Rf7 30. Rf2 e4 31. Qxe4 Re8 32. Qb1 bxa5 33. Nxa5 Qb6 34. Rff1 Ne5
35. c5 Qb5 36. cxd6 Qxd5 37. Rfd1 Qe6 38. Qb3 Kg7 39. Qxe6 Rxe6 40. Nc6 Rd7 41.
Nxe5 Rxe5 42. Rc7 Rxc7 43. dxc7 Re8 44. h4 Rc8 45. Rd7+ Kf6 46. Rxh7 Ke6 47. Kh2
Kf6 48. Kh3 Kf5 49. h5 gxh5 50. Rxh5+ Ke6 51. Rc5 Kd6 52. Rc2 Ke5 53. Kg4 Rg8+
54. Kh5 Rc8 55. Kg6 Kd4 56. Kf7 Kd3 57. Rc6 1-0

[Event "Druzynowe Mistrzostwa Polski Juniorow - Ekstraliga Juniorow 2019"]
[Site "DW Globus Ustron Jaszowiec ul. Turystyczna 6"]
[Date "1899-12-30"]
[Round "5.29"]
[White "Swiech, Joanna"]
[Black "Kucharska, Honorata"]
[Result "1-0"]
[WhiteTitle "k"]
[BlackTitle "WFM"]
[WhiteElo "1879"]
[BlackElo "2054"]

1. d4 Nf6 2. c4 c5 3. d5 g6 4. Nc3 Bg7 5. e4 d6 6. h3 O-O 7. Bd3 e6 8. Nge2 Na6
9. O-O Nc7 10. Ng3 Rb8 11. a4 e5 12. f4 exf4 13. Bxf4 Nfe8 14. Qd2 a6 15. a5 Bd7
16. Rae1 Qe7 17. Bg5 Bd4+ 18. Kh1 f6 19. Be3 Be5 20. Bf4 b5 21. axb6 Rxb6 22.
Re2 Rb4 23. Ref2 Na8 24. Qc2 Bd4 25. Rf3 Ng7 26. Nge2 Be5 27. b3 Nc7 28. Na2 Rbb8
29. Nac1 a5 30. Bxe5 dxe5 31. Ng3 Qd6 32. Qf2 Rb6 33. Bc2 Na6 34. Na2 Ne8 35.
Qd2 Nb4 36. Nxb4 Rxb4 37. Qc3 Kg7 38. Ne2 Qb6 39. Nc1 Nd6 40. Na2 Nb7 41. Nxb4
axb4 42. Qa1 Nd6 43. Qa2 Bc8 44. Ra1 Bb7 45. Qa5 Qxa5 46. Rxa5 Rc8 47. Rf1 Rc7
48. g4 h6 49. h4 Bc8 50. Rg1 Bb7 51. Kh2 Bc8 52. Kg3 Bb7 53. Kf3 Bc8 54. Bd3 Bb7
55. Bf1 Kf7 56. Bh3 Kg7 57. g5 hxg5 58. hxg5 fxg5 59. Rxg5 Kf6 60. Rg1 Nf7 61.
Ke3 Nd6 62. Be6 Kg7 63. Ra2 Re7 64. Rg4 Nf7 65. Rag2 Nh8 66. Rh2 Nf7 67. Bxf7
Rxf7 68. Rhg2 Rf6 69. Rg5 Bc8 70. Rxe5 Ra6 71. Re7+ Kf6 72. Rc7 Bh3 73. Rg3 Ra3
74. Rc6+ Kf7 75. Kf4 Bf1 76. Rxc5 Be2 77. Rc7+ Kf8 78. d6 1-0

[Event "Druzynowe Mistrzostwa Polski Juniorow - Ekstraliga Juniorow 2019"]
[Site "DW Globus Ustron Jaszowiec ul. Turystyczna 6"]
[Date "1899-12-30"]
[Round "5.30"]
[White "Kucharska, Helena"]
[Black "Wikar, Martyna"]
[Result "0-1"]
[WhiteTitle "I"]
[BlackTitle "k+"]
[WhiteElo "1543"]
[BlackElo "2020"]

1. d4 c5 2. d5 d6 3. g3 g6 4. Bg2 Bg7 5. e4 Nf6 6. f4 O-O 7. Nd2 e6 8. c4 exd5
9. cxd5 Re8 10. Ne2 Bg4 11. O-O Nxd5 12. Nc4 Bxe2 13. Qxe2 Nc6 14. Qf3 Nd4 15.
Qf2 Qd7 16. Kh1 Nf6 17. Re1 Nxe4 18. Rxe4 Rxe4 19. Bxe4 d5 20. Bxg6 hxg6 21. Ne5
Qf5 22. Be3 Qe4+ 23. Kg1 Nc2 24. Rc1 Nxe3 25. Re1 Bxe5 26. fxe5 d4 27. Rc1 Qxe5
28. Qf3 Rd8 29. Qxb7 d3 30. Qxa7 d2 31. Rxc5 d1=Q+ 32. Kf2 Rd2# 0-1

[Event "Druzynowe Mistrzostwa Polski Juniorow - Ekstraliga Juniorow 2019"]
[Site "DW Globus Ustron Jaszowiec ul. Turystyczna 6"]
[Date "1899-12-30"]
[Round "6.1"]
[White "Psyk, Radoslaw"]
[Black "Nowak, Mikolaj"]
[Result "1-0"]
[WhiteTitle "k++"]
[BlackTitle "I++"]
[WhiteElo "2311"]
[BlackElo "2230"]

1. e4 e5 2. Nf3 Nc6 3. Bb5 a6 4. Ba4 Nf6 5. O-O Be7 6. Re1 b5 7. Bb3 d6 8. c3 O-O
9. d3 h6 10. Nbd2 Re8 11. Nf1 Bf8 12. Ng3 g6 13. a4 Rb8 14. axb5 axb5 15. h3 Bg7
16. d4 b4 17. d5 Ne7 18. cxb4 Bd7 19. Bd2 Rf8 20. Ba4 Kh7 21. Bxd7 Qxd7 22. Qa4
Rb7 23. Rec1 Rfb8 24. Qxd7 Nxd7 25. Ne1 f5 26. f3 Bf6 27. Rc4 Bh4 28. Ne2 Bxe1
29. Rxe1 Nf6 30. Rec1 Ne8 31. Ra1 f4 32. Nc1 Rb6 33. Nb3 Nc8 34. Kf2 Kg7 35. Rac1
Kf6 36. g3 fxg3+ 37. Kxg3 Ne7 38. Na5 Kg7 39. h4 Rc8 40. f4 exf4+ 41. Kxf4 Kh7
42. Bc3 Rcb8 43. Bd2 Rc8 44. Nb3 c5 45. dxc6 Rcxc6 46. Nd4 Rxc4 47. Rxc4 Kg7 48.
b5 Kf7 49. Ba5 Rb7 50. Rb4 d5 51. Nc6 Nxc6 52. bxc6 Rxb4 53. Bxb4 dxe4 54. Kxe4
Ke6 55. Kd4 g5 56. h5 g4 57. Kc5 Nc7 58. Be1 Nd5 59. b4 Nf6 60. Kb6 Nd5+ 61. Kb7
g3 62. Bxg3 Nxb4 63. c7 Kd5 1-0

[Event "Druzynowe Mistrzostwa Polski Juniorow - Ekstraliga Juniorow 2019"]
[Site "DW Globus Ustron Jaszowiec ul. Turystyczna 6"]
[Date "1899-12-30"]
[Round "6.2"]
[White "Posluszny, Tomasz"]
[Black "Malicka, Maria"]
[Result "0-1"]
[WhiteTitle "I+"]
[BlackTitle "WCM"]
[WhiteElo "1888"]
[BlackElo "2115"]

1. d4 Nf6 2. c4 e6 3. Nf3 c5 4. g3 cxd4 5. Nxd4 d5 6. Bg2 e5 7. Nb3 Bb4+ 8. Bd2
Bxd2+ 9. Qxd2 d4 10. Qg5 Qe7 11. Qxg7 Rg8 12. Qh6 Be6 13. Na3 Nc6 14. Qd2 Rd8
15. Rd1 h5 16. O-O h4 17. Na5 e4 18. Nxc6 bxc6 19. e3 d3 20. Qa5 Bg4 21. Rd2 Be2
22. Rc1 hxg3 23. hxg3 Qe6 24. Nc2 Ng4 25. Re1 Qh6 26. Rdxe2 dxe2 27. Rxe2 Rd1+
28. Ne1 Rg5 29. Qc7 Qe6 30. Qf4 Re5 31. b3 f5 32. f3 exf3 33. Bxf3 Rxe3 34. Rxe3
Rxe1+ 35. Rxe1 Qxe1+ 0-1

[Event "Druzynowe Mistrzostwa Polski Juniorow - Ekstraliga Juniorow 2019"]
[Site "DW Globus Ustron Jaszowiec ul. Turystyczna 6"]
[Date "1899-12-30"]
[Round "6.3"]
[White "Iwaszkiewicz, Krzysztof"]
[Black "Seemann, Jakub"]
[Result "0-1"]
[WhiteTitle "I"]
[BlackTitle "I+"]
[WhiteElo "1770"]
[BlackElo "2017"]

1. d4 Nf6 2. Bf4 g6 3. Nc3 d5 4. e3 Bg7 5. h4 c5 6. Nf3 Nc6 7. Ne5 cxd4 8. exd4
Qb6 9. Nb5 O-O 10. c3 Nxe5 11. Bxe5 a6 12. Nc7 Qxb2 13. Nxa8 Ne4 14. Be2 Nxc3
15. Qd2 Qxa1+ 16. Bd1 Bh6 17. f4 Qxd1+ 18. Qxd1 Nxd1 19. Kd2 Nf2 20. Rf1 Ne4+
21. Kd3 Bf5 22. g4 Ng3+ 23. gxf5 Nxf1 24. Nb6 f6 25. Bc7 gxf5 26. Nxd5 Kf7 27.
Bb6 e6 28. Nc3 Bxf4 29. Ne2 Bd6 30. d5 e5 31. Bf2 Rc8 32. h5 e4+ 0-1

[Event "Druzynowe Mistrzostwa Polski Juniorow - Ekstraliga Juniorow 2019"]
[Site "DW Globus Ustron Jaszowiec ul. Turystyczna 6"]
[Date "1899-12-30"]
[Round "6.4"]
[White "Oleksy, Krzysztof"]
[Black "Klim, Filip"]
[Result "1-0"]
[WhiteTitle "I"]
[BlackTitle "I"]
[WhiteElo "1878"]
[BlackElo "1557"]

1. d4 d5 2. c4 c6 3. cxd5 cxd5 4. Bg5 Nc6 5. Nc3 Bf5 6. e4 Bxe4 7. Nxe4 dxe4 8.
d5 Qa5+ 9. b4 Nxb4 10. Bd2 Qxd5 11. Bxb4 Qxd1+ 12. Rxd1 a6 13. Ne2 Nf6 14. Ng3
e6 15. Bxf8 Rxf8 16. Bc4 Ke7 17. O-O Rfd8 18. Bb3 Rac8 19. Rc1 h5 20. h4 g6 21.
Rfe1 Rxc1 22. Rxc1 Rd7 23. Kf1 Kd8 24. Rd1 Rxd1+ 25. Bxd1 Kc7 26. Bc2 Kd6 27.
Nxe4+ Nxe4 28. Bxe4 b5 29. Ke2 a5 30. Kd3 e5 31. Bf3 f5 32. Bd1 a4 33. Kc3 Kc5
34. a3 e4 35. g3 Kd5 36. Be2 Kc5 37. Bf1 Kc6 38. Kd4 Kb6 39. Kd5 Ka5 40. Kxe4
1-0